[Event "SVK-ch U20 rapid"]
[Site "Senec"]
[Date "2023.05.07"]
[Round "6"]
[White "Kanisak, Andrej"]
[Black "Skrinar, Marek"]
[Result "0-1"]
[WhiteElo "1155"]
[BlackElo "1676"]
[PlyCount "62"]
[EventDate "2023.05.07"]
[EventType "rapid"]
[EventRounds "7"]
[EventCountry "SVK"]
[SourceTitle "EXT 2024"]
[Source "ChessBase"]
[SourceDate "2023.10.10"]
[SourceVersion "1"]
[SourceVersionDate "2023.10.10"]
[SourceQuality "1"]

1. Nf3 d5 2. c4 e6 3. d4 Nf6 4. Bf4 Nbd7 5. Nc3 Nh5 6. Qd2 Nxf4 7. Qxf4 Nf6 8. c5 Bd7 9. e3 a6 10. Be2 b6 11. Ne5 bxc5 12. Nxd7 Qxd7 13. dxc5 Bxc5 14. Rc1 Bd6 15. Qh4 0-0 16. 0-0 Rfb8 17. Rc2 c5 18. Rd1 Qe7 19. f3 c4 20. e4 Bc5+ 21. Kf1 d4 22. e5 Nd5 23. Qxe7 Ne3+ 24. Kg1 Bxe7 25. Rcc1 dxc3 26. Rxc3 Nxd1 27. Bxd1 Rxb2 28. Kf1 Rb1 29. Ke1 Bb4 30. Kf2 Bxc3 31. Bc2 Rb2 0-1

[Event "SVK-ch U16"]
[Site "Stara Lubovna"]
[Date "2021.07.03"]
[Round "9"]
[White "Kanisak, Andrej"]
[Black "Pramuk, Filip"]
[Result "1/2-1/2"]
[WhiteElo "1000"]
[BlackElo "1000"]
[PlyCount "64"]
[EventDate "2021.06.26"]
[EventType "swiss"]
[EventRounds "9"]
[EventCountry "SVK"]
[SourceTitle "CBM 203 Extra"]
[Source "ChessBase"]
[SourceDate "2021.09.30"]
[SourceVersion "1"]
[SourceVersionDate "2021.09.30"]
[SourceQuality "1"]

1. e4 e5 2. Nf3 Nc6 3. Bc4 Nf6 4. Ng5 Bc5 5. Bxf7+ Ke7 6. Bb3 Rf8 7. 0-0 h6 8. Nf3 Nxe4 9. Qe1 d5 10. d3 Nf6 11. Nxe5 Nxe5 12. Qxe5+ Kf7 13. Nc3 c6 14. Be3 Re8 15. Qf4 Bxe3 16. fxe3 Qb6 17. Nd1 a5 18. c4 a4 19. Bc2 Be6 20. cxd5 Bxd5 21. Bxa4 Re6 22. d4 g5 23. Qf5 Rxa4 24. Qh7+ Ke8 25. Qg6+ Ke7 26. Qg7+ Kd6 27. Rxf6 Rxf6 28. Qxf6+ Be6 29. Qe5+ Kd7 30. Qg7+ Kd6 31. Qe5+ Kd7 32. Qg7+ Kd6 1/2-1/2